|
|
|
|
| LEADER |
00000nab a2200000 a 4500 |
| 001 |
vtls000253168 |
| 003 |
SK-MaSNL |
| 005 |
20260302221032.0 |
| 008 |
160201c1986 xo 0 cze |
| 015 |
|
|
|a SNBRB19rr/mm-uuuuu
|
| 035 |
|
|
|a CL0263282
|
| 040 |
|
|
|a SNKBUCL
|b slo
|c SNKBUCL
|e AACR2
|
| 041 |
0 |
|
|a cze
|
| 044 |
|
|
|a xo
|c SK
|
| 080 |
|
|
|a 631.115.7:631.16
|2 1981
|
| 080 |
|
|
|a 631.16
|2 1981
|
| 100 |
1 |
|
|a Končel, Jan
|4 aut
|9 947512
|
| 245 |
1 |
0 |
|a Poznatky z prověrky efektivnosti u státnich statků
|c Jan Končel
|
| 650 |
0 |
7 |
|a štátne majetky
|2 snkbucl
|9 51069
|
| 655 |
|
7 |
|a články z novín a časopisov
|2 snkbucl
|9 267496
|
| 773 |
0 |
|
|t Ekonomika poľnohospodárstva
|g Roč. 25, č. 8 (1986), s. 364-366
|
| 850 |
|
|
|a Slovenská národná knižnica v Martine
|a MTA001
|
| 852 |
|
|
|a SNK
|b KIS3GCP
|
| 958 |
|
|
|a RK
|
| 958 |
|
|
|a CZ
|
| 992 |
|
|
|a RBX
|
| 999 |
|
|
|c 1509869
|d 1511799
|